[Event "XII Closed IM BCC 2021"]
[Site "Barcelona"]
[Date "2021.03.15"]
[Round "1.1"]
[White "Garcia Ramos, Daniel"]
[Black "Girel, Joseph"]
[Result "0-1"]
[WhiteElo "2412"]
[BlackElo "2310"]
[Annotator "TA"]
[PlyCount "114"]
[EventDate "2021.03.15"]
[EventType "tourn"]
[EventCountry "ESP"]
[SourceTitle "playchess.com"]
[Source "ChessBase"]
[SourceQuality "1"]

{[%evp 20,114,34,41,38,43,82,32,26,0,5,1,12,6,9,0,30,0,0,-2,-14,-72,-86,-71,-65,-73,-83,-66,-52,-40,-53,-183,-181,-185,-185,-185,-183,-185,-185,-185,-182,-185,-178,-187,-194,-218,0,0,0,-216,-53,-77,-15,-15,-15,-15,-15,-21,-17,-17,-17,-17,-17,-27,-38,-54,-14,-14,-14,-14,-14,-23,-31,-60,-47,-72,-74,-133,-8,-8,-8,-8,-8,-8,-8,-8,-8,-8,-8,-8,-8,-14,-52,-29974,-29977,-29985,-29986]} 1. e4 e5 2. Nf3 Nc6 3. Bc4 Bc5 4. c3 Nf6 5. d3 a6 6. O-O Ba7 7. Bb3 d6 8. Nbd2 {[%cal Bb1d2,Bd2f1,Bf1g3,Bg3e4][%mdl 32]} O-O 9. h3 Ne7 10. Re1 Ng6 11. Nf1 c6 {C54: Giuoco Piano: 4 c3 Nf6, main lines with 5 d4 and 5 d3.} 12. Ng3 d5 13. exd5 (13. Bg5 {with more complications.} h6 14. Bxf6 Qxf6 15. exd5 cxd5 16. Bxd5 Nf4 17. Rxe5 Ng6 18. d4) 13... Nxd5 {White is slightly better.} 14. d4 exd4 15. Nxd4 {[#]} Be6 $146 ({Predecessor:} 15... h6 16. Bc2 Re8 17. Rxe8+ Qxe8 18. Bb3 Qe5 19. Kh2 Ngf4 20. Bd2 Bd7 21. Qf3 Ne6 22. Nxe6 Bxe6 {½-½ (42) Leko,P (2693)-Carlsen,M (2840) Doha 2016}) 16. Nxe6 fxe6 17. Ne4 Rf5 18. Qg4 (18. c4 $5 {[%cal Rc4d5]}) 18... Ne5 19. Qg3 Bb8 {...Nf3+! is the strong threat.} 20. f4 (20. Bg5 $11 {keeps the balance.} Qe8 21. f4) 20... Ng6 $17 21. Qg4 Bxf4 22. Bxf4 Ngxf4 23. Rad1 Qb6+ 24. Kh1 Raf8 {White must now prevent ...Ne3.} 25. c4 (25. Qg3 $15) 25... Ne3 $19 {[%mdl 64] Double Attack} 26. c5 {[#]} Qxb3 {[%mdl 512]} 27. axb3 Nxg4 28. hxg4 {[#]} Rd5 29. Rxd5 exd5 {[%mdl 4096] Endgame KRN-KRN} 30. Nd6 Nd3 31. Re7 Nxc5 32. Nf5 Rf7 33. Re8+ Rf8 34. Re7 {[#]} Ne4 $2 (34... a5 $1 $19 35. Kg1 g5) 35. Rxb7 Nf2+ (35... Kh8 $17 36. Nd4 g6 37. Nxc6 Nf2+ 38. Kg1 Nxg4) 36. Kg1 $11 Nxg4 37. Rxg7+ Kh8 {Hoping for ...Nh6.} 38. Rxg4 {Threatens to win with Ne7.} Rxf5 {KR-KR} 39. Ra4 Kg7 40. Rxa6 Rf6 41. b4 Kg6 42. Ra7 h6 43. Rd7 Kf5 {And now ...Ke4 would win.} 44. b5 $1 Ke4 45. bxc6 Rxc6 46. b4 Rf6 47. b5 d4 48. Re7+ (48. Rb7 $142) 48... Kd3 (48... Kd5 $17 {With the idea ...d3.} 49. g4 d3 50. Rd7+ Ke4) 49. Rc7 Rb6 50. Rc6 $1 {[%cal Rc6b6]} Rxb5 {Strongly threatening ...Re5.} 51. Rxh6 Ke3 52. Re6+ Kd2 53. Kf2 Rf5+ 54. Kg3 d3 55. Kh4 $1 Kc3 {aiming for ...d2.} 56. Rd6 $2 {[%mdl 8192]} (56. g4 $15 Rf4 57. Re3) 56... d2 57. g4 Rf4 {Weighted Error Value: White=0.24/Black=0.24} 0-1

[Event "XII Closed IM BCC 2021"]
[Site "Barcelona"]
[Date "2021.03.15"]
[Round "1.2"]
[White "Gines Esteo, Pedro Antonio"]
[Black "Boyer, Mahel"]
[Result "1-0"]
[WhiteElo "2443"]
[BlackElo "2333"]
[Annotator "TA"]
[PlyCount "77"]
[EventDate "2021.03.15"]
[EventType "tourn"]
[EventCountry "ESP"]
[SourceTitle "playchess.com"]
[Source "ChessBase"]
[SourceQuality "1"]

{[%evp 23,77,22,14,16,20,17,28,10,14,5,54,45,37,14,35,39,51,32,33,27,44,29,74,83,75,68,101,89,119,128,301,322,502,521,518,504,868,860,827,818,868,948,932,923,836,792,1704,1625,1716,1688,1676,1588,1410,1406,29978,1166]} 1. d4 d5 2. c4 e6 3. Nc3 h6 4. Nf3 Nf6 5. cxd5 exd5 6. Bf4 Bd6 7. Be5 c6 8. e3 O-O 9. Qc2 Qe7 10. Bd3 Nbd7 11. Bxd6 Qxd6 12. O-O Re8 13. h3 {D36: Queen's Gambit Declined: Exchange Variation: Main line (5 Bg5 c6 6 Qc2).} Qe7 14. Nd2 Nf8 15. Rab1 {[#] White has an edge.} N8h7 $146 ({Predecessor:} 15... Ne6 16. Rfe1 Ng5 17. Nf1 Bxh3 18. gxh3 Nf3+ 19. Kg2 Nxe1+ 20. Rxe1 Ne4 21. Bxe4 dxe4 {1-0 (41) Danielsson,R (1995)-Vardanyan,M Yerevan 2016}) 16. Rfe1 g6 17. b4 a6 18. a4 {[%cal Ba2a4,Ba4a5][%mdl 32]} Kg7 19. a5 Bd7 20. Na4 Rad8 21. Nc5 Bc8 22. Re2 Qc7 23. b5 axb5 {[#]} 24. Rxb5 Nh5 (24... cxb5 $2 25. Ne6+ $1 {[%mdl 512]} Bxe6 26. Qxc7 $18) (24... Ng4 $2 25. hxg4 Nf6 26. Re1 $1 $18) (24... Nf8 25. Rb1) 25. Rb6 Ng5 26. Qb2 Bxh3 $2 {Black cannot hold the game after this.} (26... Nf6 $16 27. Re1 (27. Nxb7 Bxb7 28. Rxb7 Qxa5 $14) 27... Nd7) 27. Rxb7 $18 ({And not} 27. gxh3 Nxh3+ 28. Kg2 (28. Kh1 Qc8 $15) 28... Qc8 $11) 27... Qd6 (27... Qc8 $142) 28. gxh3 Nxh3+ {[#]} 29. Kg2 $1 {[%cal Rg2h3]} Nxf2 (29... Ng5 $142 30. Qc1 Re7) 30. Rxf2 Qg3+ 31. Kf1 Rxe3 32. Rbxf7+ Kg8 33. R7f3 Rxf3 34. Nxf3 Re8 35. Ne5 {[%mdl 64] Double Attack} Nf4 36. Rf3 Qh4 37. Qf2 Qh1+ 38. Qg1 Qh4 39. Qg3 {Weighted Error Value: White=0.05/Black=0.42} (39. Bxg6 $142 Rf8 40. Bf5+ Qg5 41. Rxf4 Qxg1+ 42. Kxg1 Re8 43. Rg4+ Kf8 44. Ncd7+ Ke7 45. Rg7+ Kd8 46. Nxc6+ Kc7 47. Nde5+ Re7 48. Rxe7+ Kd6 49. Rd7#) 1-0

[Event "XII Closed IM BCC 2021"]
[Site "Barcelona"]
[Date "2021.03.15"]
[Round "1.3"]
[White "Alvarez Albiol, Victor"]
[Black "Alcala Gonzalez, Cesar"]
[Result "1-0"]
[WhiteElo "2246"]
[BlackElo "2110"]
[Annotator "TA"]
[PlyCount "89"]
[EventDate "2021.03.15"]
[EventType "tourn"]
[EventCountry "ESP"]
[SourceTitle "playchess.com"]
[Source "ChessBase"]
[SourceQuality "1"]

{[%evp 11,89,16,20,27,18,10,30,14,24,24,29,15,25,14,25,10,35,14,62,15,14,2,6,22,28,30,36,31,54,52,77,89,88,72,108,112,108,113,103,100,103,104,118,104,133,125,143,139,118,114,134,97,104,95,202,191,238,182,176,170,170,144,256,243,228,134,134,112,161,178,292,272,429,428,1222,1215,1138,1140,1019,916]} 1. e4 c6 2. Nc3 d5 3. Nf3 Bg4 4. h3 Bxf3 5. Qxf3 e6 6. d4 dxe4 7. Qxe4 {B11: Caro-Kann: Two Knights Variation.} Nf6 8. Qd3 Bd6 9. g3 {White has an edge.} Nbd7 10. Bg2 O-O 11. O-O Qc7 12. b3 {[#]} Rfd8 $146 ({Predecessor:} 12... Rad8 13. Bb2 e5 14. d5 cxd5 15. Nxd5 Nxd5 16. Qxd5 Nf6 17. Qd2 Bc5 18. Qe2 Bd4 {1-0 (49) Hammer,J (2628)-Haug,J (2335) Stavanger 2017}) 13. Bb2 Rac8 14. Rfe1 e5 15. dxe5 Bxe5 16. Qf5 Re8 17. Rad1 Re6 18. f4 Bd4+ 19. Kh2 Rxe1 20. Rxe1 Nb6 21. Rd1 Bxc3 22. Bxc3 Nbd5 23. Be5 ({Inferior is} 23. Bxd5 cxd5 24. Bxf6 Qxc2+ 25. Qxc2 Rxc2+ 26. Kg1 gxf6 $15) 23... Qd7 24. Qxd7 Nxd7 25. c4 N5b6 26. Bc3 Nc5 27. Bb4 Na6 28. Be1 f6 29. a4 {[%cal Ba2a4,Ba4a5][%mdl 32]} Rc7 30. a5 Rd7 31. Rc1 ({Resist} 31. axb6 $6 Rxd1 32. bxa7 Nc7 $14) 31... Nc8 32. b4 $1 $36 {[%cal Bb3b4,Bb4b5][%mdl 2080] White is on the roll.} c5 {[#]} (32... Nc7 $16) 33. b5 $1 $18 Nb8 34. Bf2 b6 35. Bd5+ Kf8 36. Ra1 {Hoping for axb6.} Ne7 (36... Rc7 $16 37. axb6 axb6) 37. axb6 axb6 {[#]} 38. Ra8 ({White should play} 38. Be6 $1 $18) 38... Rd8 $16 39. Be6 Nbc6 40. Ra6 Nd4 (40... Rd6 $142) 41. Rxb6 $18 Nc8 (41... Ke8 {might work better.} 42. Kg2 Nxe6) 42. Bxd4 {White is clearly winning.} cxd4 (42... Nxb6 $142 43. Bxc5+ {[%mdl 64] Double Attack} Ke8) 43. Rb8 Ke7 44. Rxc8 Rd6 45. Bg4 {Weighted Error Value: White=0.09/Black=0.25} 1-0

[Event "XII Closed IM BCC 2021"]
[Site "Barcelona"]
[Date "2021.03.15"]
[Round "1.4"]
[White "Martin Barcelo, Carles"]
[Black "Hernandez, Cristian Andres"]
[Result "1/2-1/2"]
[WhiteElo "2258"]
[BlackElo "2355"]
[Annotator "TA"]
[PlyCount "87"]
[EventDate "2021.03.15"]
[EventType "tourn"]
[EventCountry "ESP"]
[SourceTitle "playchess.com"]
[Source "ChessBase"]
[SourceQuality "1"]

{[%evp 12,87,27,18,21,31,28,19,27,31,70,0,0,0,0,0,0,0,0,0,0,-20,-18,-31,-25,-25,-26,-15,-16,-24,0,-15,-15,-15,-14,-25,-18,-18,-17,-25,0,-33,-33,-35,-26,-47,-47,-47,-33,-33,-33,-41,-33,-41,-19,-19,-14,-40,-23,-25,0,-33,-35,-41,-41,-41,-41,-41,-41,-122,-58,-53,0,0,0,-39,0,0]} 1. e4 c5 2. Nf3 Nc6 3. Bb5 g6 4. Bxc6 dxc6 5. d3 Bg7 6. h3 b6 7. Nc3 $1 {7.Nc3 scores better than 7.0-0.} Nh6 {B31: Sicilian: 2...Nc6 3 Bb5 g6.} 8. O-O f6 9. a3 a5 10. Be3 e5 {[#]} 11. Nh2 $146 ({Better is} 11. b4 $14) ({Predecessor:} 11. b4 axb4 12. axb4 Rxa1 13. Qxa1 cxb4 14. Qa7 O-O 15. Na4 b5 16. Nc5 Nf7 17. Bd2 {½-½ (50) Wan,Y (2485)-Berkes,F (2649) Cappelle-la-Grande 2016}) 11... Nf7 $11 12. f4 exf4 13. Bxf4 O-O 14. Qd2 Be6 15. Nf3 a4 16. d4 cxd4 17. Nxd4 Qc8 18. Rad1 Bc4 19. Rfe1 Rd8 {[#] Threatens to win with ...c5.} 20. Qf2 Ne5 21. Nf3 Nxf3+ 22. Qxf3 b5 23. Bd6 Ra7 24. Bc5 Rad7 25. Rxd7 Rxd7 (25... Qxd7 {looks sharper.} 26. Qg3 Qc8 27. Rd1 Be6 28. Qe3 Bf7) 26. Rd1 Qd8 27. Rxd7 Qxd7 28. Qf4 h5 29. Qf2 Kh7 30. Bd4 Qd6 31. Bc5 Qe6 32. Bd4 g5 33. Qf5+ Kg8 34. Qg6 Qf7 35. Qf5 {With the idea Qc8+.} Qe6 36. Qg6 h4 37. Qf5 Kf7 38. Kh1 Qxf5 39. exf5 $15 {KBB-KBN} Bf8 40. Ne4 {[#]} (40. Kg1 $15) 40... Be7 (40... Bd5 $1 $17 {[%cal Rd5e4]} 41. Nc3 Bc4) 41. Kg1 Bd5 42. Nc3 Bc4 43. Ne4 Bd5 44. Nc3 {Weighted Error Value: White=0.10/Black=0.09} 1/2-1/2

[Event "XII Closed IM BCC 2021"]
[Site "Barcelona"]
[Date "2021.03.15"]
[Round "1.5"]
[White "Serra Canals, Oriol"]
[Black "Benedetti, Julio"]
[Result "0-1"]
[WhiteElo "2220"]
[BlackElo "2282"]
[Annotator "TA"]
[PlyCount "114"]
[EventDate "2021.03.15"]
[EventType "tourn"]
[EventCountry "ESP"]
[SourceTitle "playchess.com"]
[Source "ChessBase"]
[SourceQuality "1"]

{[%evp 20,114,33,23,64,58,77,67,94,84,89,75,53,52,120,95,250,253,317,318,317,306,305,316,294,316,262,0,0,0,0,-27,-41,-84,-83,-102,-69,-69,-64,-66,-64,-89,-62,-71,-32,-56,-48,-61,-67,-58,-25,-27,-27,-74,-74,-74,-70,-89,-68,-163,-143,-141,-136,-168,-122,-167,-62,-210,-216,-276,-220,-401,-402,-394,-365,-351,-350,-289,-89,-327,0,-29974,-29975,-29980,-29981,-29981,-29976,-29985,-29978,-29978,-29979,-29978,-29979,-29979,-11929,-4134,-1570]} 1. d4 Nf6 2. Nf3 g6 3. g3 Bg7 4. Bg2 O-O 5. O-O d6 6. c4 Nc6 7. Nc3 a6 8. d5 Na5 9. b3 c5 10. dxc6 Nxc6 11. Bb2 Nd7 {E63: King's Indian: Fianchetto: Panno Variation with 7...a6.} 12. Qc1 Nde5 13. Nxe5 Nxe5 {White is slightly better.} 14. Rd1 Nd7 {[#]} 15. h4 $146 ({Predecessor:} 15. Nd5 Bxb2 16. Qxb2 Rb8 17. b4 b6 18. Rac1 Bb7 19. Qd4 Bxd5 20. cxd5 b5 21. Rc6 {½-½ (33) Trella,T (2404)-Cani,G (2147) Milan 2012}) 15... Rb8 16. h5 Re8 (16... b5 $14) 17. h6 Bf8 (17... Bh8 $16) 18. Ne4 $1 $18 b6 19. Qc3 {[%csl Gb2][%cal Rc3h8]} f6 20. c5 $1 Nxc5 {[#]} 21. Rxd6 $3 {[%mdl 576] Deflection} exd6 22. Nxf6+ {[%mdl 64] Double Attack} Kf7 23. Nxe8 (23. Bd5+ $1 $18 Re6 24. Qf3 (24. Nxh7 Bxh6 25. Qf3+ Ke8 $16)) 23... Kxe8 $11 24. Qh8 Qe7 25. Bg7 Ne6 {[%cal Re6g7]} 26. Qxh7 Bxg7 27. Qxg6+ Qf7 (27... Kd8 {looks sharper.} 28. hxg7 Qxg7 29. Qxg7 Nxg7 30. Rc1 Nh5) 28. Qxf7+ Kxf7 29. hxg7 Nxg7 30. Rc1 Ne6 31. f4 a5 32. Bd5 {Black should prevent f5.} Ke7 33. Kf2 Bd7 34. Rh1 Re8 35. Rh7+ Kd8 36. e4 Nc7 37. Bb7 Nb5 38. Kf3 Nc3 39. Rh2 (39. f5 $15) 39... b5 $19 {[%cal Bb6b5,Bb5b4][%mdl 32]} 40. g4 Kc7 41. Rc2 b4 ({Don't play} 41... Kxb7 42. Rxc3 Bc6 43. Re3 $15) 42. Bd5 Kb6 (42... Bc6 $19 {Hoping for ...Rxe4.} 43. Bxc6 Kxc6) 43. Rd2 ({Only move:} 43. f5 $1 $15) 43... Bc6 $1 44. g5 Nxe4 45. Bxe4 (45. Rd1) 45... Bxe4+ {[%mdl 4096] Endgame KRB-KR} 46. Kg4 d5 47. f5 Kc5 $1 48. g6 {[#]} Kd6 $2 (48... d4 $1 $19 {is more deadly. And now ...d3 would win.} 49. Kg5 Rg8) 49. Kg5 $2 {[#]} (49. Rf2 $17) 49... Rg8 $2 ({Black should try} 49... Re5 $1 $19 {[%cal Re5f5]} 50. Rf2 Ke7) 50. a3 $2 {[%mdl 8192]} (50. Re2 $11) 50... Ke5 51. axb4 Bxf5 52. bxa5 Bxg6 53. b4 Bf5+ 54. Kh4 Rg4+ 55. Kh5 Rxb4 56. Ra2 Rb7 (56... Kf6 $142 57. Rf2 Rb3 58. Rh2 Rh3+ 59. Rxh3 Bxh3 60. a6 d4 61. Kh4 Bg2 62. Kg3 Ba8 63. Kf4 Bd5 64. Kg3 Ba8 65. Kf4 Ke6 66. Kg3 Ke5 67. Kf2 Ke4 68. Ke2 d3+ 69. Kd2 Kd4 70. a7 Bf3 71. a8=B Bxa8 72. Kd1 Ke3 73. Kc1 d2+ 74. Kc2 Bd5 75. Kc3 d1=Q 76. Kb4 Kd4 77. Kb5 Qb3+ 78. Ka6 Bc6 79. Ka7 Qb7#) 57. a6 Ra7 {Quite a comeback for Black.  Weighted Error Value: White=0.42/Black=0.36} 0-1

[Event "XII Closed IM BCC 2021"]
[Site "Barcelona"]
[Date "2021.03.16"]
[Round "2.1"]
[White "Girel, Joseph"]
[Black "Benedetti, Julio"]
[Result "1/2-1/2"]
[WhiteElo "2310"]
[BlackElo "2282"]
[Annotator "TA"]
[PlyCount "53"]
[EventDate "2021.03.15"]
[EventType "tourn"]
[EventCountry "ESP"]
[SourceTitle "playchess.com"]
[Source "ChessBase"]
[SourceQuality "1"]

{[%evp 10,53,19,31,40,37,51,46,45,55,71,65,65,54,75,46,57,42,50,14,199,-10,6,-10,-13,-8,-21,-144,-152,-139,-158,-165,-162,-145,-66,-143,0,0,0,-148,0,0,138,138,138,137]} 1. e4 c5 2. Nf3 a6 3. c3 e6 4. d4 d5 5. e5 Bd7 6. Bd3 cxd4 {6...Nc6 injects fresh life into this line. B28: Sicilian: 2 Nf3 a6 (O'Kelly Variation).} 7. cxd4 Bb5 8. Bc2 Bb4+ {White is slightly better.} 9. Nc3 a5 10. Bd2 (10. Ng5 {keeps more tension.} Qc7 11. Bd2 Bc4 12. a3 Be7 13. Qg4) 10... Ba6 11. a3 Bxc3 12. Bxc3 Nc6 13. Qd2 Nge7 {[#]} 14. Qg5 $146 ({Predecessor:} 14. Qf4 h6 15. Qg4 g6 16. Qf4 Qc7 17. Qd2 Rc8 18. h4 h5 19. Ng5 Nf5 20. Bxf5 gxf5 {½-½ (44) Kononenko,D (2574)-Smirnov,I (2505) Cappelle-la-Grande 2009}) 14... Qb6 $2 (14... O-O $11 {and Black stays safe.}) 15. Rg1 $2 (15. Qxg7 $18 Kd7 16. Qxf7) 15... Qb5 {[%csl Ga6][%cal Rb5e2]} 16. O-O-O {[#]} Nb4 $1 17. axb4 axb4 18. Be1 (18. Rd3 $1 $11 {remains equal.}) 18... Rc8 $1 $17 {And now ...Qc4! would win.} 19. b3 Qa5 $1 {[%cal Ra5a1]} 20. Kb1 {[#]} Rxc2 {[%mdl 512]} 21. Kxc2 {Ra1 is the strong threat.} Qa2+ 22. Kc1 Qa3+ {[%mdl 1024] Black has strong compensation.} 23. Kc2 {Strongly threatening Ra1.} Qa2+ 24. Kc1 {[#]} Qa3+ (24... Kd7 $1 $17 {( -> ...Rc8+)} 25. Bxb4 Nc6) 25. Kc2 $11 {Black must now prevent Ra1.} Kd7 {[#]} (25... Qa2+ $11 26. Kc1) 26. Bxb4 $1 $16 Qxb4 {[#]} 27. Kb2 $1 {Weighted Error Value: White=0.37/Black=0.41} 1/2-1/2

[Event "XII Closed IM BCC 2021"]
[Site "Barcelona"]
[Date "2021.03.16"]
[Round "2.2"]
[White "Hernandez, Cristian Andres"]
[Black "Serra Canals, Oriol"]
[Result "1/2-1/2"]
[WhiteElo "2355"]
[BlackElo "2220"]
[Annotator "NA"]
[PlyCount "64"]
[EventDate "2021.03.15"]
[EventType "tourn"]
[EventCountry "ESP"]
[SourceTitle "playchess.com"]
[Source "ChessBase"]
[SourceQuality "1"]
[TimeControl "5400+30"]

1. d4 {[%emt 0:00:00]} e6 {[%emt 0:00:00]} 2. Nf3 {[%emt 0:00:00]} d5 {[%emt 0:00:06]} 3. Bf4 {[%emt 0:00:38]} Nf6 {[%emt 0:01:39]} 4. e3 {[%emt 0:00:16]} Be7 {[%emt 0:04:16]} 5. h3 {[%emt 0:02:39]} b6 {[%emt 0:00:50]} 6. Nbd2 {[%emt 0:00:21]} O-O {[%emt 0:02:58]} 7. c3 {[%emt 0:02:06]} c5 {[%emt 0:03:12]} 8. Ne5 $11 {[%emt 0:02:23]} Bb7 {[%emt 0:03:06]} 9. Be2 {[%emt 0:07:55]} Ne4 {[%emt 0:06:20]} 10. Nxe4 {[%emt 0:00:43]} dxe4 {[%emt 0:00:03]} 11. O-O {[%emt 0:09:09]} Qc8 {[%emt 0:07:35]} 12. a4 {[%emt 0:04:57]} f6 {[%emt 0:08:25]} 13. Nc4 {[%emt 0:00:36]} Rd8 {[%emt 0:01:33]} 14. Qb1 {[%emt 0:10:43]} Bd5 {[%emt 0:07:25]} 15. Rc1 {[%emt 0:04:06]} Qb7 {[%emt 0:01:00]} 16. b4 {[%emt 0:11:29]} cxb4 {[%emt 0:19:38]} 17. cxb4 {[%emt 0:00:05]} Nc6 {[%emt 0:00:05]} 18. b5 {[%emt 0:00:06]} Nb4 {[%emt 0:00:44]} 19. Nd6 {[%emt 0:01:08]} Rxd6 {[%emt 0:00:07]} 20. Qxb4 {[%emt 0:00:46]} Rdd8 {[%emt 0:00:12]} 21. Qd2 {[%emt 0:07:15]} Rdc8 {[%emt 0:01:59]} 22. a5 {[%emt 0:00:11]} Rxc1+ {[%emt 0:00:45]} 23. Rxc1 {[%emt 0:00:10]} Rc8 {[%emt 0:01:44]} 24. a6 {[%emt 0:01:27]} Qd7 {[%emt 0:00:02]} 25. Rc3 {[%emt 0:07:05]} Kf7 {[%emt 0:00:18]} 26. Qc2 {[%emt 0:00:20]} Rxc3 {[%emt 0:00:54]} 27. Qxc3 {[%emt 0:00:06]} Ke8 {[%emt 0:02:06]} 28. h4 {[%emt 0:06:49]} Kd8 {[%emt 0:00:18]} 29. Kf1 {[%emt 0:14:16]} Qc8 {[%emt 0:00:14]} 30. Qxc8+ {[%emt 0:00:08]} Kxc8 {[%emt 0:00:05]} 31. Ke1 {[%emt 0:04:57]} Kd7 32. Kd2 Bd6 1/2-1/2

[Event "XII Closed IM BCC 2021"]
[Site "Barcelona"]
[Date "2021.03.16"]
[Round "2.3"]
[White "Alcala Gonzalez, Cesar"]
[Black "Martin Barcelo, Carles"]
[Result "1-0"]
[WhiteElo "2110"]
[BlackElo "2258"]
[Annotator "TA"]
[PlyCount "137"]
[EventDate "2021.03.15"]
[EventType "tourn"]
[EventCountry "ESP"]
[SourceTitle "playchess.com"]
[Source "ChessBase"]
[SourceQuality "1"]

{[%evp 21,137,15,16,22,19,18,32,35,98,106,94,104,152,142,138,147,148,133,138,138,138,138,136,136,206,206,207,200,200,199,205,209,208,208,202,186,195,112,291,264,353,475,496,480,504,472,464,464,254,281,568,496,542,0,541,415,980,989,936,771,912,777,6223,5820,29971,29972,1429,12847,5600,1417,1113,1066,29976,29976,29967,3985,2496,2369,2048,1808,1625,1618,1605,1597,1605,1591,1510,1509,1262,1242,1096,1008,1462,1322,29973,29977,29978,29968,29979,2470,29980,29981,29981,29982,29980,29981,29986,29979,5110,0,29986,29987,29991,29991,29991,29992,29993,29994]} 1. d4 Nf6 2. c4 e6 3. Nc3 Bb4 4. Qc2 d6 5. a3 Bxc3+ 6. Qxc3 O-O 7. Nf3 b6 8. g3 Bb7 9. Bg2 Nbd7 10. O-O Qe7 11. b4 c5 12. Bb2 {E32: Nimzo-Indian: Classical (4 Qc2): 4...0-0.} Rac8 13. Rfd1 cxd4 14. Qxd4 {[#] White is slightly better.} (14. Nxd4 Bxg2 15. Kxg2 Ne5 $17) 14... Bxf3 $146 ({Better is} 14... Ne5 $14) ({Predecessor:} 14... Ne5 15. Nxe5 dxe5 16. Qxe5 Bxg2 17. Kxg2 Rxc4 18. Rac1 Rcc8 19. f3 h6 20. Kf2 Rfd8 21. Qf4 Nd5 22. Qd4 Nf6 23. Qf4 Nd5 24. Qd4 Nf6 25. Qf4 Nd5 {½-½ (25) Ponomariov,R (2714)-Harikrishna,P (2727) Beijing 2014}) 15. exf3 $16 Ne5 16. Rac1 Qb7 17. f4 ({But not} 17. Qxd6 $6 Nxc4 18. Qd4 Nxb2 $11) 17... Nf3+ 18. Kh1 {[#] Threatens to win with Qc3.} Nxd4 19. Bxb7 Rc7 20. Bxd4 Rxb7 21. Bxf6 gxf6 22. Rxd6 {[%mdl 4096] Endgame KRR-KRR} f5 (22... Rc8 $16 {was necessary.} 23. f5 Kf8 24. fxe6 Ke7 25. Rd7+ Rxd7 26. exd7 Kxd7) 23. c5 $18 Rc7 24. b5 bxc5 25. Rc6 Rxc6 26. bxc6 {KR-KR} Rc8 27. Rxc5 Kf8 28. Kg2 Ke7 29. Kh3 (29. Rc1 $18) 29... Rc7 $2 (29... Kd6 $16 30. Ra5 Rc7) 30. Kh4 Kf6 31. Kh5 Kg7 32. h3 h6 33. h4 Kh7 34. a4 Kg7 35. f3 a6 $2 (35... Kh7 36. Rc3 Kg7) 36. Rc2 Kh7 37. Rc5 Kg7 38. g4 fxg4 (38... a5 $142 39. Rc2 (39. Rxa5 fxg4 40. fxg4 Rxc6 $16) 39... Rc8) 39. fxg4 f6 40. f5 e5 41. Rc4 Kh7 42. Rb4 {White wants to mate with Rb7.} Rxc6 43. Rb7+ Kg8 44. Kg6 Kf8 45. Rf7+ (45. g5 $142 hxg5 46. hxg5) 45... Ke8 46. Rxf6 Rxf6+ 47. Kxf6 {KP-KP} e4 48. Kg7 (48. g5 $142 e3 49. g6 e2 50. g7 e1=Q 51. g8=Q+ Kd7 52. Qe6+ Qxe6+ 53. fxe6+ Kd6 54. e7) 48... e3 49. f6 e2 50. f7+ Kd7 51. f8=Q {Intending Qf5+ and mate.} e1=Q {KQ-KQ} 52. Qf7+ Kd6 53. Qf6+ {[%mdl 64] [#] Double Attack} Kc5 54. Kxh6 Kb4 55. Qb6+ Ka3 56. h5 a5 57. g5 Kxa4 58. Qd4+ Kb3 59. g6 Qe6 60. Kh7 (60. Qd3+ $142 Kb2 61. Kh7 a4 62. h6 a3 63. g7 a2 64. Qd4+ Kb1 65. g8=Q) 60... a4 61. Qd3+ Kb2 62. g7 Qf7 63. Qg6 Qd7 64. Kh8 Qd4 65. Kh7 (65. h6 $18 a3 66. Kh7) 65... Qd7 $1 66. Qf6+ {White mates.} Ka3 67. h6 Qd3+ 68. Kh8 Qh3 69. g8=Q {Weighted Error Value: White=0.28/Black=0.87} 1-0